ARRUPE JESUIT UNIVERSITY

CORONAVIRUS -STOP THE SPREAD - CLEAN,DISINFECT,COVER

Teacher education in post-independent Zimbabwe (Record no. 125994)

MARC details
000 -LEADER
fixed length control field 00441nam a22001457a 4500
005 - DATE AND TIME OF LATEST TRANSACTION
control field 20170123095228.0
008 - FIXED-LENGTH DATA ELEMENTS--GENERAL INFORMATION
fixed length control field 170123b xxu||||| |||| 00| 0 eng d
050 ## - LIBRARY OF CONGRESS CALL NUMBER
Classification number LB2131.Z55C543
100 ## - MAIN ENTRY--PERSONAL NAME
Personal name Chivero, B.S.R.
9 (RLIN) 28435
245 ## - TITLE STATEMENT
Title Teacher education in post-independent Zimbabwe
Statement of responsibility, etc by Chivero, B.S.R.
260 ## - PUBLICATION, DISTRIBUTION, ETC. (IMPRINT)
Place of publication, distribution, etc Harare
Name of publisher, distributor, etc ZIMFEP
Date of publication, distribution, etc 1990
300 ## - PHYSICAL DESCRIPTION
Extent 149p.;
Dimensions 30cm.
650 ## - SUBJECT ADDED ENTRY--TOPICAL TERM
Topical term or geographic name as entry element Teacher training
Geographic subdivision Zimbabwe
9 (RLIN) 28436
942 ## - ADDED ENTRY ELEMENTS (KOHA)
Source of classification or shelving scheme Library of Congress Classification
Item type Monograph ( Printed materials)
Holdings
Withdrawn status Lost status Source of classification or shelving scheme Damaged status Not for loan Collection code Home library Current library Shelving location Date acquired Total Checkouts Full call number Barcode Date last seen Price effective from Koha item type
    Library of Congress Classification     Main Collection ARRUPE LIBRARY ARRUPE LIBRARY Main Collection 23/01/2017   LB2131.Z55C543 46500022201 28/06/2018 23/01/2017 Monograph ( Printed materials)

 

Arrupe Library. PO Box MP320 Mt Pleasant, Harare, Zimbabwe
263 242 745411|librarian@aju.ac.zw